Normal view
MARC view
Entry Uniform Title
001 - CONTROL NUMBER
- control field: 24587
003 - CONTROL NUMBER IDENTIFIER
- control field: dpl
005 - DATE AND TIME OF LATEST TRANSACTION
- control field: 20101204112716.0
008 - FIXED-LENGTH DATA ELEMENTS
- fixed length control field: 101204|||a|||||| | ||| d
040 ## - CATALOGING SOURCE
- Original cataloging agency: dpl
- Transcribing agency: dpl
130 ## - HEADING--UNIFORM TITLE
- Uniform title: यू.जी.सी. आशीश कार्यक्रम, दर्शन विभाग पुस्तक श्रंखल-1
670 ## - SOURCE DATA FOUND
- Source citation: Work cat.: (dpl)47706: 20178 दया कृष्ण, स्वरमणि पं. मल्लिकार्जुन मंजूर /, 2010
670 ## - SOURCE DATA FOUND
- Source citation: Work cat.: (dpl)47706: 20178 दया कृष्ण, स्वरमणि पं. मल्लिकार्जुन मंजूर /, 2010
